|
|
|
|
| LEADER |
00000nam a22000003a 4500 |
| 001 |
stu56223 |
| 005 |
20150617225656.3 |
| 008 |
010126s1999----xo------------------slo-d |
| 020 |
|
|
|a 80-967919-5-8
|
| 040 |
|
|
|a STU
|b slo
|
| 041 |
0 |
|
|a slo
|
| 044 |
|
|
|a xo
|
| 080 |
|
|
|a 334.758.4.
|
| 100 |
1 |
|
|a Kassay, Štefan
|4 aut
|
| 245 |
1 |
|
|a Organizačný rozvoj korporácií
|
| 250 |
|
|
|a 1. vyd.
|
| 260 |
|
|
|a Nové Zámky :
|b Strateg,
|c 1999
|
| 300 |
|
|
|a 164 s
|
| 650 |
|
7 |
|a korporácie
|2 stusub
|
| 856 |
4 |
|
|a https://sweb.mtf.stuba.sk/obsahy/organizacni_rozvoj_korporacii_99
|u https://sweb.mtf.stuba.sk/obsahy/organizacni_rozvoj_korporacii_99
|3 OBSAH
|
| 996 |
|
|
|b 284M023569
|c M*10640-2
|l MMKN
|s A
|a 24
|w stu56223_0001
|
| 996 |
|
|
|b 284M023570
|c M*10640-3
|l MMKN
|s A
|a 24
|w stu56223_0002
|
| 996 |
|
|
|b 284M023571
|c M*10640-4
|l MMKN
|s A
|a 24
|w stu56223_0003
|
| 996 |
|
|
|b 284M023572
|c M*10640-5
|l MMKN
|s A
|a 24
|w stu56223_0004
|
| 996 |
|
|
|b 284M023573
|c M*10640-6
|l MMKN
|s A
|a 24
|w stu56223_0005
|
| 996 |
|
|
|b 284M023574
|c M*10640-7
|l MMKN
|s A
|a 24
|w stu56223_0006
|
| 996 |
|
|
|b 284M023575
|c M*10640-8
|l MMKN
|s A
|a 24
|w stu56223_0007
|
| 996 |
|
|
|b 284M023577
|c M*10640-10
|l MMKN
|s A
|a 24
|w stu56223_0008
|
| 996 |
|
|
|b 284M023578
|c M*10640-11
|l MMKN
|s A
|a 24
|w stu56223_0009
|
| 996 |
|
|
|b 284J003415
|c J*97653
|l JJST
|s P
|a 0
|w stu56223_0010
|
| 996 |
|
|
|b 284J003416
|c J*97654
|l JJSK
|s A
|a 24
|w stu56223_0011
|
| 996 |
|
|
|b 284M023568
|c M*10640-1
|l MMST
|s A
|a 24
|w stu56223_0012
|
| 996 |
|
|
|b 284J003417
|c J*97655
|l JJSK
|s A
|a 24
|w stu56223_0013
|
| 996 |
|
|
|b 284J003418
|c J*97656
|l JJSK
|s A
|a 24
|w stu56223_0014
|
| 996 |
|
|
|b 284J003419
|c J*97657
|l JJSK
|s A
|a 24
|w stu56223_0015
|
| 996 |
|
|
|b 284M023579
|c M*10640-12
|l MMKN
|s A
|a 24
|w stu56223_0016
|
| 996 |
|
|
|b 284M023580
|c M*10640-13
|l MMKN
|s A
|a 24
|w stu56223_0017
|
| 996 |
|
|
|b 284M023581
|c M*10640-14
|l MMKN
|s A
|a 24
|w stu56223_0018
|
| 996 |
|
|
|b 284M023582
|c M*10640-15
|l MMKN
|s A
|a 24
|w stu56223_0019
|
| 996 |
|
|
|b 284M023583
|c M*10640-16
|l MMKN
|s A
|a 24
|w stu56223_0020
|
| 996 |
|
|
|b 284M023584
|c M*10640-17
|l MMKN
|s A
|a 24
|w stu56223_0021
|
| 996 |
|
|
|b 284M023585
|c M*10640-18
|l MMKN
|s A
|a 24
|w stu56223_0022
|
| 996 |
|
|
|b 284M023586
|c M*10640-19
|l MMKN
|s A
|a 24
|w stu56223_0023
|
| 996 |
|
|
|b 284M023587
|c M*10640-20
|l MMKN
|s A
|a 24
|w stu56223_0024
|
| 996 |
|
|
|b 284M023576
|c M*10640-9
|l MMKN
|s A
|a 24
|w stu56223_0025
|